Städte mit mehr als einem Bundesligaverein - Statistiken

Allgemein
  • Dieses Quiz wurde 1.918 mal gespielt
  • Das Durchschnittsergebnis liegt bei 6 aus 7
Antwortstatistiken
Anzahl an Vereinen Antwort % Korrekt
2 München (Bayern, 1860)
99%
5 Berlin (Hertha, Tasmania, Blau-Weiß, Tennis Borussia, Union)
98%
2 Hamburg (HSV, St. Pauli)
95%
2 Köln (FC, Fortuna)
90%
2 Stuttgart (VfB, Kickers)
86%
2 Leipzig (VfB, RB)
80%
2 Bochum (VfL, Wattenscheid)
32%
Keine übereinstimmenden Quizze gefunden
Verteilung der Resultate
Anzahl Personen mit jedem Resultat
Perzentil nach korrekt beantworteten Fragen
Ihre Resultats-Entwicklung
Sie haben dieses Quiz noch nicht gespielt